Fumisterie chauffage et ventilation / par E. Aucamus
Descripción Física:
290 p. : il. ; 19 cm
MARC
| LEADER | 00000nam a2200000Ia 4500 | ||
|---|---|---|---|
| 001 | 18307 | ||
| 008 | 160829s1898 xx 000 0 cat d | ||
| 080 | |a C-2-472 | ||
| 100 | |a Aucamus, E. |9 22328 | ||
| 245 | |a Fumisterie chauffage et ventilation / par E. Aucamus | ||
| 260 | |a Paris : |b Ch. Dunod, |c 1898 | ||
| 300 | |a 290 p. : |b il. ; |c 19 cm | ||
| 490 | |a Bibliotheque du conducteur de travaux publics | ||
| 590 | |a Text en francès | ||
| 650 | |a Calefacció |9 22331 | ||
| 650 | |a Ventilació |9 22332 | ||
| 650 | |a Xemeneies |9 22333 | ||
| 901 | |a Arxiu | ||
| 942 | |n 1 | ||
| 952 | |0 0 |1 0 |4 0 |6 C2472 |7 1 |9 42172 |a Arxiu |b Arxiu |d 2016-12-01 |l 0 |o C-2-472 |p 18307 |r 2016-12-01 00:00:00 |w 2016-12-01 |y ARXIU | ||
| 999 | |c 44619 |d 44619 | ||